000
00213 a2200097 4500
001
57024
100
_a
245
_a
Mispelled words
260
_a
New delhi
_b
Sarup and Sons
_c
2007
090
_c
34948
_d
34948
942
_a
NUST-CAE
_c
MONOGRAPH
_c
27722
999
_c
292097
_d
292097